[Event "Arab Cities"]
[Site "Hammamet"]
[Date "2019.02.22"]
[Round "3.2"]
[White "Ben Younes, Mohamed"]
[Black "Sarwat, Walaa"]
[Result "0-1"]
[WhiteElo "1717"]
[BlackElo "2208"]
[PlyCount "86"]
[EventDate "2019.02.21"]
[EventType "team-swiss"]
[EventRounds "7"]
[EventCountry "TUN"]
[SourceTitle "CBM 189 Extra"]
[Source "ChessBase"]
[SourceDate "2019.05.31"]
[SourceVersion "1"]
[SourceVersionDate "2019.05.31"]
[SourceQuality "1"]
[WhiteTeam "Sfax"]
[BlackTeam "Cairo"]
[WhiteTeamCountry "TUN"]
[BlackTeamCountry "EGY"]

1. e4 e5 2. d4 exd4 3. Nf3 Nc6 4. Nxd4 Nf6 5. Nc3 Bb4 6. Nxc6 bxc6 7. Bd3 0-0 8. 0-0 Re8 9. Re1 d6 10. Bg5 h6 11. Bh4 Bb7 12. a3 Bxc3 13. bxc3 c5 14. f3 Bc6 15. Rb1 g5 16. Bf2 Nh5 17. Be3 Qf6 18. Qd2 Rab8 19. c4 Rb6 20. h4 Nf4 21. Rxb6 axb6 22. hxg5 hxg5 23. Kf2 Ra8 24. g3 Ne6 25. Qc1 g4 26. f4 Ng5 27. Qd1 Nf3 28. Rh1 Re8 29. Rh5 Bxe4 30. Be2 Qg6 31. Qh1 Kf8 32. f5 Bxf5 33. Bxf3 gxf3 34. Qh4 Qe6 35. Rh8+ Kg7 36. Rxe8 Qxe8 37. Qh6+ Kg8 38. Qg5+ Bg6 39. Qf6 Qe4 40. Qd8+ Kg7 41. Qxc7 Qxc2+ 42. Kxf3 Bh5+ 43. Kf4 Qxc4+ 0-1

[Event "TUN-chT"]
[Site "Hammamet"]
[Date "2019.02.10"]
[Round "2.4"]
[White "Ben Younes, Mohamed"]
[Black "Ferchichi, Sofiane"]
[Result "1-0"]
[WhiteElo "1717"]
[BlackElo "2051"]
[PlyCount "75"]
[EventDate "2019.02.09"]
[EventType "team-tourn"]
[EventRounds "11"]
[EventCountry "TUN"]
[SourceTitle "CBM 190 Extra"]
[Source "ChessBase"]
[SourceDate "2019.07.15"]
[SourceVersion "1"]
[SourceVersionDate "2019.07.15"]
[SourceQuality "1"]
[WhiteTeam "Sfax"]
[BlackTeam "Megrine Maison"]
[WhiteTeamCountry "TUN"]
[BlackTeamCountry "TUN"]

1. e4 c5 2. Nf3 d6 3. d4 cxd4 4. Nxd4 Nf6 5. Nc3 a6 6. Be3 e5 7. Nb3 Be6 8. Qd2 Be7 9. f3 Qc7 10. Be2 b5 11. g4 Nc6 12. h4 0-0 13. g5 Nh5 14. Rg1 Rfc8 15. Nd5 Bxd5 16. exd5 Nb8 17. 0-0-0 b4 18. Kb1 a5 19. Nc1 Qb7 20. f4 Nxf4 21. Bxf4 exf4 22. Qxf4 Qc7 23. Bd3 g6 24. h5 Bf8 25. hxg6 fxg6 26. Rh1 Nd7 27. Rxh7 Bg7 28. Bxg6 Rf8 29. Qh4 Ne5 30. Be4 Nc4 31. Bd3 Nxb2 32. Rh1 Nd1 33. Rxd1 Qc3 34. Rxg7+ Qxg7 35. Rh1 a4 36. Bh7+ Kf7 37. Re1 Qc3 38. Qh5+ 1-0